| 000 -LEADER |
| fixed length control field |
00410nam a2200133 4500 |
| 008 - FIXED-LENGTH DATA ELEMENTS--GENERAL INFORMATION |
| fixed length control field |
190219b ||||| |||| 00| 0 eng d |
| 100 ## - MAIN ENTRY--PERSONAL NAME |
| Personal name |
Singh, Ankita |
| 245 ## - TITLE STATEMENT |
| Title |
Best practices in urban governance: |
| Remainder of title |
a case study of Tadipatri municipality in Ananthapuramu district of Andhra Pradesh |
| 260 ## - PUBLICATION, DISTRIBUTION, ETC. (IMPRINT) |
| Date of publication, distribution, etc |
2018 |
| 300 ## - PHYSICAL DESCRIPTION |
| Extent |
p.20-33. |
| 700 ## - ADDED ENTRY--PERSONAL NAME |
| Personal name |
Alok, V.N. |
| 9 (RLIN) |
2028 |
| 773 ## - HOST ITEM ENTRY |
| Main entry heading |
Nagarlok |
| 942 ## - ADDED ENTRY ELEMENTS (KOHA) |
| Source of classification or shelving scheme |
|
| Item type |
Articles |